000 00274nam a22001097a 4500
008 231204b |||||||| |||| 00| 0 eng d
100 _aPradeep Bahl
245 _aCurrent Criminal Reports Vol.I
260 _aDelhi
_bDelhi Law Office
_c1995
300 _a880
942 _2ddc
_cBK
999 _c20313
_d20313